000 00251nam a2200097Ia 4500
001 1207159
005 20251017101253.0
008 250824s9999 xx 000 0 und d
245 0 _aGULYABANİ
_cHÜSEYİN RAHMİ GÜRPINAR
260 _bPALET YAYINLARI
999 _c1207159
_d1207159